00733nam a22002057a 450000500170000001000150001702000260003203500130005803700130007108200110008410000200009524500430011526000460015827000810020430000260028550000500031194200250036199900170038695201240040320140304154253.0 aENG-108747 c495.00a9788192426563 aEN-92280 bDBAD/PUB a305.42 aJayswal, Babita aWomen empowerment /cby Babita Jayswal aNew DelhibGaurav Book Distributorsc2013 aH No. 45,Ground floor, Shivaji Marg, Gali No. 5, Kartar NagarbDelhie110053 aviii,160p. c22cm(Hb) aIncludes bibliographical references and lndex 2ddccENmJAYh305.42 c81081d81081 001040718NFICaDBADbDBADd2013-12-06eDBAD/PUBg495.00l0o305.42 JAYpEN-92280r2013-12-06 00:00:00t1v495.00yEN